000 00717nam a2200253 i 4500
001 C2-0232378
003 PPAK
005 20180728085550.0
008 010110s my a|||| ||||| | eng d
020 _a9831480899
040 _aPPAK
_beng
_cPPAK
_erda
082 0 4 _a398.8
_223
090 0 0 _a398.8
_bMYF
_dK
245 0 0 _aMy first nursery rhymes
264 1 _aKuala Lumpur :
_bArowana ,
_c[date of publication not identified]
300 _a[6 pages] :
_bcolour illustrations ;
_c26 cm
336 _2rdacontent
_atext
337 _2rdamedia
_aunmediated
338 _2rdacarrier
_avolume
490 1 _aLamination series
650 1 0 _aNursery rhymes, English
830 0 _aLamination series
942 _ddc
_cB
999 _c151592
_d151592